00576nam a22001937a 4500003000500000005001700005008004100022010001000063011001000073035001000083040000900093100002600102245002700128260010200155300001800257490004000275650002800315830003900343CHAP20220817043028.0971010s1972 r 00010 d a63260 a64232 a69496 cCHAP00aGómez Lara, Jacobo.1 aQuímica inorgánica aMéxico, D.F. Asociación Nacional de Universidades e Institutos de Enseñanza Superior,c1972 a43 p.b: ilus aTemas básicos. Ciencias naturales14aQuímica inorgánica.0 aTemas básicos ciencias naturales